000 00386nam a22001577a 4500
003 ASAB
005 20180827062625.0
008 160331t xxu||||| |||| 00| 0 eng d
020 _a978-1-111-57743-8
040 _cASAB
100 _aLauralee sherwood
_91696
222 _ahuman physiology
245 _aHuman physiology from cells to systems
300 _a794 p.
942 _2ddc
_cBK
999 _c480051
_d480051